Normal view
MARC view
- Selling
Entry Topical Term
001 - CONTROL NUMBER
- control field: 12381
003 - CONTROL NUMBER IDENTIFIER
- control field: NUST
005 - DATE AND TIME OF LATEST TRANSACTION
- control field: 20181030105047.0
008 - FIXED-LENGTH DATA ELEMENTS
- fixed length control field: 181030|| aca||aabn | a|a d
040 ## - CATALOGING SOURCE
- Original cataloging agency: NUST
- Transcribing agency: NUST
150 ## - HEADING--TOPICAL TERM
- Topical term or geographic name entry element: Selling
- General subdivision: Moral and ethical aspects.
670 ## - SOURCE DATA FOUND
- Source citation: Work cat.: (NUST)0: Khalsa, Mahan. 12380, Let's get real or let's not play :, 1999.
